Дело по отношению Департамента духовных дел иностранных исповеданий, о дозволении находящемуся в Киевской губернии, под надзором...

Доступно только в Электронных читальных залах Найти на картеНа карте
RUSMARC
00003829nmc2a22000003x 450
001c7377f78-c59f-4ac7-86e9-68f1c2df3c40
00520180402150516.0
100##$a20160203l18411844k l0rusy0189 ca
1010#$arus
102##$aRU
2001#$aДело по отношению Департамента духовных дел иностранных исповеданий, о дозволении находящемуся в Киевской губернии, под надзором полиции, бывшему раввину купцу Срулю Фридману, переселиться на жительство в Кишинев для произведения там торговли
$j4 сентября 1841 г. - 6 июня 1844 г.
251##$cДело
300##$aДело
801#0$aRU
$bРГИА
$c20160203
$gRCR
801#1$aRU
$bГлавНИВЦ
$c20160203
$2rusmarc
801#2$aRU
$bПБ им. Б.Н. Ельцина
$c20180402
$gRCR
$2rusmarc
850##$aРГИА
852##$aРГИА
$eФедеральное казенное учреждение "Российский государственный исторический архив" (РГИА)
$j413
937##$hРГИА
$d12186871
$aASBIBLIO_SCAN
462#0$1001d84ca311-0ff2-4bc1-993d-58ba7069b925
$12001
$a1841-1843 гг. Дела Департамента полиции исполнительной МВД за 1841 г.
$1251
$cОпись
$1852
$j8
461#0$10013e300ed0-cd39-49af-8489-5ba5b90fa401
$12001
$aДепартамент полиции исполнительной МВД
$1251
$cФонд
$1852
$j1286
215##$a101 л.
$d36,5х26 см
371##$aДокумент не является опубликованным и широко распространяемым
105##$ay###
1222#$ad
035##$ac7377f78-c59f-4ac7-86e9-68f1c2df3c40
856##$uhttp://readingroom.main.prlib.ru/item.aspx?id_node=n114358099&mode=full
Формат отображения